000 00610nam a22001337a 4500
040 _cRUA
082 _aAVM SOK 2012 B0100 Or.1
100 _aSOK, PISETH.
245 _aStudying on colic disease in pony in srey sontour district, kampong cham province, ការសិក្សាពីជំងឺ(Colic) ទៅលើសត្វសេះនៅស្រុកស្រីសន្ធរ ខេត្តកំពង់ចាម.
260 _aphnom phen
_bRUA
_c2012
300 _aX,60p.
_bill.
_c29cm.
856 _uhttps://drive.google.com/file/d/1BoX8dSKKeJsMBgmUORoakaMv_2BmW-4F/view?usp=sharing
942 _cAVM
999 _c2476
_d2476